000 00355nam a2200145Ia 4500
008 240624s9999 xx 000 0 und d
041 _aeng
082 _a658.87 KRA
100 _aKRAFFT MANFRED
245 _aRETAILING IN THE 21ST CENTURY CURRENT AN
250 _a(2nd ed.)
260 _c2010
_bSpringer
300 _axv, : 462 : p.
365 _cERU
_b30
999 _c28163
_d28163